000 00877nam a2200301 a 4500
001 000108160
003 CHAP
005 20220329144000.0
008 131210s2012 fluaj |r| ||||||eng d
010 _a104622
011 _a105594
020 _a9781439849071
040 _cCHAP
082 0 4 _a620.43
_bO77
100 1 _aOrtega Rivas, Enrique
_9125022
245 1 0 _aUnit operations of particulate solids :
_btheory and practice /
_cpor Enrique Ortega-Rivas.
260 _aBoca Raton, Fl. :
_bCRC Press,
_c2012.
300 _axvii, 474 p. :
_bil., tabs.
590 _aBATCH-UPD
_b05
_c20131210
_lUCH01
_h1441
590 _aE5995AHE
_b05
_c20131210
_lUCH01
_h1433
590 _aE5995AHE
_b05
_c20131210
_lUCH01
_h1440
650 1 4 _aPartĂ­culas.
_985821
650 1 4 _aPolvo.
_9125028
650 1 4 _aProcesos quĂ­micos.
_991828
901 _aBK
942 _cLIBRO
942 _n0
999 _c104622
_d104622